Entraîneurs du Standard de Liège - Statistiques

Statistiques générales
  • Ce quiz a été pris 126 fois
    115 depuis la dernière actualisation
  • Le résultat moyen est 9 sur 57
Statistiques - réponses
Naam % Correct
Michel Preud'homme
92%
Ricardo Sá Pinto
84%
Philippe Montanier
73%
Guy Luzon
64%
Yannick Ferrera
60%
Mircea Rednic
59%
László Bölöni
57%
Dominique D'Onofrio
56%
José Riga
48%
Aleksandar Janković
31%
Slavoljub Muslin
31%
Ivan Vukomanović
30%
Raymond Goethals
30%
José Jeunechamps
28%
Robert Waseige
28%
Ron Jans
26%
Eric Deflandre
21%
Tomislav Ivić
11%
Arie Haan
9%
Aad de Mos
8%
Peter Balette
8%
Johan Boskamp
7%
Léon Semmeling
6%
Michel Pavić
4%
René Hauss
4%
André Riou
3%
Ernst Happel
3%
Jean Dupont
3%
Jef Vliers
3%
Louis Pilot
3%
Luka Peruzovic
3%
Jean Thissen
2%
Jos Daerden
2%
Maurice Lempereur
2%
Antoine Basleer
1%
Cor van der Hart
1%
Daniel Boccar
1%
Emile Riff
1%
Fernand Wertz
1%
Georg Kessler
1%
Géza Kalocsay
1%
Gusti Jordan
1%
Jean Prouff
1%
Lucien Leduc
1%
Marcelin Waroux
1%
Maurice Grisard
1%
Ned Bulatović
1%
Paul Bunyan
1%
Percy Hartley
1%
René Dohet
1%
René Vandereycken
1%
Urbain Braems
1%
Vlatko Marković
1%
Željko Mijač
1%
Helmut Graf
0%
Louis Van Brabant
0%
René Desaeyere
0%
Aucun quiz correspondant
Distribution des résultats
% des personnes avec chaque résultat
Percentile par nombre de réponses
Votre historique - résultats
Vous n’avez pas pris ce quiz depuis la dernière actualisation